| 000 | 00531nam a2200181Ia 4500 | ||
|---|---|---|---|
| 003 | OSt | ||
| 005 | 20250805144032.0 | ||
| 008 | 210210b1957 xxu||||| |||| 00| 0 eng d | ||
| 040 | _cAL | ||
| 041 | _akan | ||
| 082 | _a853/380 | ||
| 100 |
_aRAMARAV (M) _9161760 _dರಾಮರಾವ್ (ಎಂ) |
||
| 245 |
_aVyadhige takka vaidya: _bವ್ಯಾಧಿಗೆ ತಕ್ಕ ವೈದ್ಯ |
||
| 260 |
_aBengaluru _bSatyashodhana Prakatana Mandira _c1957 |
||
| 690 |
_aKannada Drama _9161761 |
||
| 906 | _a019655 | ||
| 942 |
_2ddc _cBK |
||
| 999 |
_c143796 _d143796 |
||